Daňové stimuly podporujúce zelený rast v ekonomike bakalárska práca

Gespeichert in:
Bibliographische Detailangaben
1. Verfasser: Konečný, Mário
Körperschaft: Národohospodárska fakulta EU. Katedra financií
Weitere Verfasser: Benko, Peter
Format: Buch
Sprache:Slowakisch
Veröffentlicht: Bratislava 2017
Tags: Tag hinzufügen
Keine Tags, Fügen Sie das erste Tag hinzu!

MARC

LEADER 00000nbm a2200000 4500
001 0233855
005 20171107095105.7
041 0 |a slo 
044 |a SK 
245 1 0 |a Daňové stimuly podporujúce zelený rast v ekonomike  |b bakalárska práca  |c Mário Konečný ; školiteľ: Peter Benko 
264 1 |a Bratislava  |c 2017 
300 |a 63 s. 
100 1 |a Konečný, Mário 
700 1 |a Benko, Peter 
710 2 |a Národohospodárska fakulta EU. Katedra financií